Analogical reasoning : perspectives of artificial intelligence, cognitive science, and philosophy
Αποθηκεύτηκε σε:
| Άλλοι συγγραφείς: | |
|---|---|
| Μορφή: | Βιβλίο |
| Γλώσσα: | English |
| Δημοσίευση: |
Dordrecht ; Boston :
Kluwer Academic Publishers,
c1988.
|
| Σειρά: | Synthese library ;
197 |
| Θέματα: | |
| Ετικέτες: |
Προσθήκη ετικέτας
Δεν υπάρχουν, Καταχωρήστε ετικέτα πρώτοι!
|
MARC
| LEADER | 00000cam a2200000 i 4500 | ||
|---|---|---|---|
| 001 | 1/31301 | ||
| 008 | 941103s1988####ne | ||| |||| ||eng|| | ||
| 020 | |a 9027727112 | ||
| 035 | |l 10038791 | ||
| 035 | |a 1993 |c ΠΑΝΑΓΙΩΤΟΠΟΥΛΟΣ | ||
| 040 | |a GR-MyUA |b gre |e AACR2 | ||
| 041 | 0 | |a eng | |
| 082 | 0 | |a 006.3 | |
| 245 | 1 | 0 | |a Analogical reasoning : |b perspectives of artificial intelligence, cognitive science, and philosophy / |c edited by David H. Helman. |
| 260 | |a Dordrecht ; |a Boston : |b Kluwer Academic Publishers, |c c1988. | ||
| 300 | |a vii, 428 σ. : |b εικ. ; |c 23 εκ. | ||
| 490 | 1 | |a (Synthese library |v ; 197) | |
| 504 | |a Περιέχει βιβλιογραφικές αναφορές και ευρετήριο. | ||
| 650 | 0 | 0 | |a Analogy. |
| 650 | 0 | 0 | |a Reasoning. |
| 700 | 1 | |a Helman, David Henry, |e edt | |
| 830 | 0 | |a Synthese library ; |v 197 | |
| 852 | |a INST |b SAMOS |e 19941103 |h 006.3 ANA |p 005300003707 |q 005300003707 |t BK |y 0 | ||
| 909 | |a Σ |b 029693 | ||